00326nam a2200133Ia 4500003000900000008004100009040001300050040001300063100002100076245005800097260002300155300000800178490000600186IT-RoPAU120407s9999 xx 000 0 und d aIT-RoPAU cIT-RoPAU aLouise Gnadinger aGiovanni Taulero. Ambiente di vita e dottrina mistica aSan Paolo Edizioni c cm v1